International economics. (3rd edition) (Record no. 77541)
[ view plain ]
| 000 -LEADER | |
|---|---|
| fixed length control field | 01658nam a2200265 a 4500 |
| 008 - FIXED-LENGTH DATA ELEMENTS--GENERAL INFORMATION | |
| fixed length control field | 120416s1980 ||||||||||||||||| || u |
| 020 ## - INTERNATIONAL STANDARD BOOK NUMBER | |
| International Standard Book Number | 0534094155 |
| 050 ## - LIBRARY OF CONGRESS CALL NUMBER | |
| Classification number | HF 1359 Car |
| 100 ## - MAIN ENTRY--PERSONAL NAME | |
| Personal name | Carbaugh, Robert J |
| 245 10 - TITLE STATEMENT | |
| Title | International economics. (3rd edition) |
| 250 ## - EDITION STATEMENT | |
| Edition statement | 3rd ed. |
| 260 ## - PUBLICATION, DISTRIBUTION, ETC. | |
| Place of publication, distribution, etc. | Belmont, Calif. : |
| Name of publisher, distributor, etc. | Wadsworth Publishing Company |
| Date of publication, distribution, etc. | 1980 |
| 300 ## - PHYSICAL DESCRIPTION | |
| Extent | xx, 340 pages : illustrations |
| 350 ## - | |
| -- | 0.00 |
| 500 ## - GENERAL NOTE | |
| General note | Bibliography. |
| 650 #0 - SUBJECT ADDED ENTRY--TOPICAL TERM | |
| Topical term or geographic name entry element | INTERNATIONAL ECONOMIC RELATIONS |
| 650 #0 - SUBJECT ADDED ENTRY--TOPICAL TERM | |
| Topical term or geographic name entry element | ECONOMICS |
| 995 ## - | |
| -- | ANNEX COLLECTION (Main Library) |
| -- | 0.00 |
| -- | 725456 |
| -- | CBU-MAIN LIBRARY (Kitwe) |
| -- | 4 |
| -- | 32.85 |
| -- | HF 1359 Car |
| -- | 1 |
| -- | AVAILABLE |
| -- | 006051 |
| -- | Annex Low-Usage Collection |
| 995 ## - | |
| -- | TEXTBOOKS (MIN.ENG.) |
| -- | 0.00 |
| -- | 5162 |
| -- | CBU-SCHOOL TEXTBOOK COLLECTIONS |
| -- | 1 |
| -- | 0.00 |
| -- | SCHOOL TEXTBOOK |
| -- | 6 |
| -- | AVAILABLE |
| -- | Aug 24, 2009 |
| -- | 5162 |
| -- | School Collections |
| 995 ## - | |
| -- | MAIN LIBRARY OPEN ACCESS |
| -- | 0.00 |
| -- | 725453 |
| -- | CBU-MAIN LIBRARY (Kitwe) |
| -- | 1 |
| -- | 32.85 |
| -- | HF 1359 Car |
| -- | 2 |
| -- | AVAILABLE |
| -- | 006050 |
| -- | Main Library Open Access Collection |
| 995 ## - | |
| -- | TEXTBOOKS (MIN.ENG.) |
| -- | 0.00 |
| -- | 3539 |
| -- | CBU-SCHOOL TEXTBOOK COLLECTIONS |
| -- | 1 |
| -- | 0.00 |
| -- | SCHOOL TEXTBOOK |
| -- | 5 |
| -- | AVAILABLE |
| -- | Aug 12, 2009 |
| -- | 3539 |
| -- | School Collections |
| 995 ## - | |
| -- | ANNEX COLLECTION (Main Library) |
| -- | 0.00 |
| -- | 725456 |
| -- | CBU-MAIN LIBRARY (Kitwe) |
| -- | 3 |
| -- | 32.85 |
| -- | HF 1359 Car |
| -- | 4 |
| -- | AVAILABLE |
| -- | 006049 |
| -- | Annex Low-Usage Collection |
| 995 ## - | |
| -- | MAIN LIBRARY OPEN ACCESS |
| -- | 0.00 |
| -- | 725455 |
| -- | CBU-MAIN LIBRARY (Kitwe) |
| -- | 2 |
| -- | 32.85 |
| -- | HF 1359 Car |
| -- | 3 |
| -- | AVAILABLE |
| -- | 006052 |
| -- | Main Library Open Access Collection |
| 995 ## - | |
| -- | TEXTBOOKS (MIN.ENG.) |
| -- | 0.00 |
| -- | 5163 |
| -- | CBU-SCHOOL TEXTBOOK COLLECTIONS |
| -- | 1 |
| -- | 0.00 |
| -- | SCHOOL TEXTBOOK |
| -- | 7 |
| -- | AVAILABLE |
| -- | Aug 24, 2009 |
| -- | 5163 |
| -- | School Collections |
| 999 ## - | |
| -- | 77541 |
| -- | 77541 |
| Withdrawn status | Lost status | Source of classification or shelving scheme | Damaged status | Not for loan | Permanent Location | Current Location | Shelving location | Date acquired | Total Checkouts | Full call number | Barcode | Date last seen | Copy number | Price effective from | Koha item type |
|---|---|---|---|---|---|---|---|---|---|---|---|---|---|---|---|
| CBU-MAIN LIBRARY, KITWE. | CBU-MAIN LIBRARY, KITWE. | 04/27/2023 | HF 1359 Car | 006051 | 04/27/2023 | 1 | 04/27/2023 | MONOGRAPH | |||||||
| CBU-SCHOOL TEXT BOOK COLLECTION | CBU-SCHOOL TEXT BOOK COLLECTION | 04/27/2023 | SCHOOL TEXTBOOK | 5162 | 04/27/2023 | 2 | 04/27/2023 | MONOGRAPH |